000 008360000a22002650004500
003 LK-CoMWRAF
005 20231120111534.0
008 230817t2007 ||||| |||| 00| 0 eng d
020 _a9789551086091
040 _aLK-CoMWRAF
_dLK-CoMWRAF
_eLK-CoMWRAF
041 _aeng
082 _a303.66
_bLOG
100 _aLoganathan, Ketheshwaran
245 _aTruthfully speaking:
_bwar, peace, and human rights
260 _aPoint Pedro:
_bPoint Pedro Institute of Development,
_c2007
300 _a121 p. ; 23 cm.
650 _aPEACE-BUILDING-Sri Lanka
650 _aConflict management--Sri Lanka
650 _aEthnic conflict--Sri Lanka
650 _aTamil (Indic people)--Sri Lanka
650 _aHuman rights--Sri Lanka
650 _aSri Lanka--History--Civil War
650 _aSri Lanka--Politics and government
942 _cBK
999 _c2263
_d2263